| 000 | 00653nam a22002057a 4500 | ||
|---|---|---|---|
| 003 | 0 | ||
| 005 | 20250905152859.0 | ||
| 008 | 250905b xxu||||| |||| 00| 0 eng d | ||
| 020 | _a979-8-89161-593-9 | ||
| 050 |
_aLB 2805 _b.P75 2025 |
||
| 100 |
_aPrice, Wesley, _eauthor. |
||
| 245 |
_aEducational management / _cWesley Price. |
||
| 260 |
_aJersey City, USA : _bAlexis Press, _c2025. |
||
| 300 |
_ax, 324 pages : _billustrations ; _c27 cm. |
||
| 504 | _aIncludes bibliographical references and index. | ||
| 650 | _aSchool management and organization. | ||
| 650 | _aEducational leadership. | ||
| 650 |
_aEducation _xAdministration. |
||
| 942 |
_2lcc _cBK |
||
| 999 |
_c367787 _d367787 |
||